| 000 | 00499nam a2200181Ia 4500 | ||
|---|---|---|---|
| 008 | 210303s9999 xx 000 0 und d | ||
| 016 | _2reto2022b | ||
| 040 |
_aNLN _bEnglish _eAACR2 |
||
| 050 |
_aDS117 _b.E92 |
||
| 082 | _a909.04924 | ||
| 100 |
_aEWALD, Heinrich _d1803-1875 _eaut _942081 |
||
| 245 | 4 |
_aThe history of Israel _cHeinrich Ewald |
|
| 260 |
_aLondon : _bLongmans, Green and Co., _c1880 |
||
| 300 |
_aV. ; _b23cm |
||
| 563 | _a(pbk) | ||
| 650 |
_aJews _vHistory _956469 |
||
| 942 |
_n0 _cBK |
||
| 999 |
_c20884 _d20884 |
||